| 000 | 00487nam a22001697a 4500 | ||
|---|---|---|---|
| 005 | 20251108164916.0 | ||
| 008 | 250721s1992 xx 000 0 ara d | ||
| 082 | 1 | 4 | _a648.7/مصط |
| 100 | 1 | _aعبد الستار، مصطفى مصطفى | |
| 245 | 1 | 0 | _aالمرشد في مكافحة الآفات المنزلية / |
| 264 |
_bالمؤلف، _c1992. |
||
| 300 | _a387ص | ||
| 650 | 1 | 7 | _aالصحة المنزلية |
| 650 | 1 | 7 | _aالحشرات |
| 942 |
_2ddc _cBK |
||
| 999 |
_c17215 _d17215 |
||